Представление документа в формате RUSMARC

ПолеНазваниеЗначение
  Тип записи a
  Библиографический уровень c
001 Контрольный номер f5af9d86c522472fbea3424dedf52976
005 Дата корректировки 20221017161949.7
010 Индекс ISBN __
d Цена 565-00, 10000 экз.
100 Данные общей обработки __
a Данные общей обработки 19181010d1979||||||| 0rusy0189 ca
101 Язык документа 0_
a Язык текста rus
102 Страна публикации __
a Страна публикации ru|
102 Страна публикации __
a Страна публикации RU
105 Кодированные данные (монография) __
a Кодированные данные (монография) a|||||||000zy
200 Заглавие и сведения об ответственности 1_
a Заглавие Живут стихи...
e Сведения, относящиеся к заглавию этюды о поэтах
f Первые сведения об ответственности Сергей Иоффе ; [художник А. И. Аносов]
b Общее обозначение материала Текст
210 Выходные данные __
a Место издания Иркутск
c Издательство Восточно-Сибирское книжное издательство
d Дата издания 1979
215 Физическое описание __
a Объем 286, [1] с.
c Иллюстрации/тип воспроизводства ил.
d Формат 17x11 см
300 Общие примечания __
a Общие примечания Рубцовская коллекция
300 Общие примечания __
a Общие примечания Рубцовиана
300 Общие примечания __
a Общие примечания Книжный блок поврежден
300 Общие примечания __
a Общие примечания Книга с пометами
300 Общие примечания __
a Общие примечания Книга с экслибрисом С. А. Лагерева из личной библиотеки
327 Примечание о содержании __
a Примечание о содержании Смерть Ермака
327 Примечание о содержании __
a Примечание о содержании К музе моей
327 Примечание о содержании __
a Примечание о содержании С преступной гордостью обидных...
327 Примечание о содержании __
a Примечание о содержании Одиночество
327 Примечание о содержании __
a Примечание о содержании На просторе
327 Примечание о содержании __
a Примечание о содержании Сентябрь
327 Примечание о содержании __
a Примечание о содержании Вся ситцевая, летняя приснись...
327 Примечание о содержании __
a Примечание о содержании Девушка затосковала
327 Примечание о содержании __
a Примечание о содержании Как будто лопались снаряды...
327 Примечание о содержании __
a Примечание о содержании Тот город зеленый...
330 Аннотация __
a Аннотация В книгу вошли небольшие этюды о поэтах и их произведения.
600 Персоналии __
a Персоналии (Фамилия) Рубцов, Н. М.
c Дополнение к имени поэт русский
f Даты 1936-1971
g Полное имя Николай Михайлович
600 Персоналии __
a Персоналии (Фамилия) Рылеев, К. Ф.
c Дополнение к имени поэт русский
f Даты 1795-1826
g Полное имя Кондратий Федорович
600 Персоналии __
a Персоналии (Фамилия) Щербина, Н. Ф.
c Дополнение к имени поэт русский
f Даты 1821-1869
g Полное имя Николай Федорович
600 Персоналии __
a Персоналии (Фамилия) Аксаков, И. С.
c Дополнение к имени поэт русский
f Даты 1823-1886
g Полное имя Иван Сергеевич
600 Персоналии __
a Персоналии (Фамилия) Бунин, И. А.
c Дополнение к имени поэт русский
f Даты 1870-1953
g Полное имя Иван Алексеевич
600 Персоналии __
a Персоналии (Фамилия) Орешин, П. В.
c Дополнение к имени поэт русский
f Даты 1887-1938
g Полное имя Петр Васильевич
600 Персоналии __
a Персоналии (Фамилия) Заболоцкий, Н. А.
c Дополнение к имени поэт русский
f Даты 1903-1958
g Полное имя Николай Алексеевич
600 Персоналии __
a Персоналии (Фамилия) Васильев, П. Н.
c Дополнение к имени поэт русский
f Даты 1909-1937
g Полное имя Павел Николаевич
600 Персоналии __
a Персоналии (Фамилия) Яшин, А. Я.
c Дополнение к имени поэт русский
f Даты 1913-1968
g Полное имя Александр Яковлевич
600 Персоналии __
a Персоналии (Фамилия) Горбовский, Г. Я.
c Дополнение к имени поэт русский
f Даты 1931-
g Полное имя Глеб Яковлевич
606 Тематические рубрики __
a Основная рубрика Литературоведение
606 Тематические рубрики __
a Основная рубрика Русская литература в целом
z Хронологическая подрубрика 19 в.
z Хронологическая подрубрика 20 в.
606 Тематические рубрики __
a Основная рубрика Художественная литература
606 Тематические рубрики __
a Основная рубрика Русская литература в целом (произведения)
z Хронологическая подрубрика 19 в.
z Хронологическая подрубрика 20 в.
610 Ключевые слова __
a Ключевые слова биографические материалы
a Ключевые слова биографические сведения
a Ключевые слова лирика
a Ключевые слова литературная деятельность
a Ключевые слова литературное творчество
a Ключевые слова персоналии
a Ключевые слова поэзия
a Ключевые слова поэты
a Ключевые слова русские поэты
a Ключевые слова советская литература
a Ключевые слова стихи
a Ключевые слова стихотворения
a Ключевые слова творческая деятельность
686 Индексы других классификаций __
2 Код системы rubbks
a Классификационный индекс 83.3(2=411.2)-8
686 Индексы других классификаций __
2 Код системы rubbks
a Классификационный индекс 84(2=411.2)-5
700 Автор _1
a Фамилия Иоффе
b Имя А. И.
f Даты 1935-1992
g Полное личное имя Сергей Айзикович
4 Код отношения 070
702 Вторичная интеллектуальная ответственность _1
a Фамилия Аносов
b Имя А. И.
4 Код отношения Художник
4 Код отношения 040
702 Вторичная интеллектуальная ответственность _1
a Фамилия Рубцов
b Имя Н. М.
4 Код отношения Автор
g Полное личное имя Николай Михайлович
4 Код отношения 070
702 Вторичная интеллектуальная ответственность _1
a Фамилия Рылеев
b Имя К. Ф.
4 Код отношения Автор
g Полное личное имя Кондратий Федорович
4 Код отношения 070
702 Вторичная интеллектуальная ответственность _1
a Фамилия Щербина
b Имя Н. Ф.
4 Код отношения Автор
g Полное личное имя Николай Федорович
4 Код отношения 070
702 Вторичная интеллектуальная ответственность _1
a Фамилия Аксаков
b Имя И. С.
4 Код отношения Автор
g Полное личное имя Иван Сергеевич
4 Код отношения 070
702 Вторичная интеллектуальная ответственность _1
a Фамилия Бунин
b Имя И. А.
4 Код отношения Автор
g Полное личное имя Иван Алексеевич
4 Код отношения 070
702 Вторичная интеллектуальная ответственность _1
a Фамилия Орешин
b Имя П. В.
4 Код отношения Автор
g Полное личное имя Петр Васильевич
4 Код отношения 070
702 Вторичная интеллектуальная ответственность _1
a Фамилия Заболоцкий
b Имя Н. А.
4 Код отношения Автор
g Полное личное имя Николай Алексеевич
4 Код отношения 070
702 Вторичная интеллектуальная ответственность _1
a Фамилия Васильев
b Имя П. Н.
4 Код отношения Автор
g Полное личное имя Павел Николаевич
4 Код отношения 070
702 Вторичная интеллектуальная ответственность _1
a Фамилия Яшин
b Имя А. Я.
4 Код отношения Автор
g Полное личное имя Александр Яковлевич
4 Код отношения 070
702 Вторичная интеллектуальная ответственность _1
a Фамилия Горбовский
b Имя Г. Я.
4 Код отношения Автор
g Полное личное имя Глеб Яковлевич
4 Код отношения 070
801 Источник записи _0
a Страна ru
b Организация Муниципальное бюджетное учреждение культуры "Централизованная библиотечная система" г. Сургут (Центральная городская библиотека им. А. С. Пушкина)
c Дата составления 20181010
g Правила каталогизации PSBO
801 Источник записи _1
a Страна ru
b Организация Муниципальное бюджетное учреждение культуры "Централизованная библиотечная система" г. Сургут (Центральная городская библиотека им. А. С. Пушкина)
c Дата составления 20181010
g Правила каталогизации PSBO
852 Данные о местонахождении __
j Шифр хранения 83.3(2=411.2)-8
i Авторский знак И 75
900 Макрообъекты __
a Макрообъекты Живут стихи
900 Макрообъекты __
a Макрообъекты Экслибрис Лагерева С.А. Живут стихи
901 Тип документа __
t Тип документа x
a Ответственный КиК/Лукашук
903 Характеристики (МАРС) __
a Дата передачи 20181010
990 Данные о заказе (DOS) __
j Количество экземпляров (DOS) 1
t N записи в КСУ для И/У (DOS) 201908